| 000 | 01378cam a22004454i 4500 | ||
|---|---|---|---|
| 003 | PE-LiUPU | ||
| 005 | 20250731184520.0 | ||
| 008 | 150617s r 000 0 d | ||
| 035 | _a(Sirsi) a18698 | ||
| 040 |
_aPE-LiUPU _bspa _cPE-LiUPU _erda |
||
| 049 | _aPRUA | ||
| 082 | 0 | 4 |
_a985.001 _bD364h _223 |
| 100 | 1 |
_aDelran C., Guido, _eautor. |
|
| 245 | 1 | 0 |
_aHistoria rural del Perú / _cGuido Delran C. |
| 250 | _aSegunda edición. | ||
| 264 | 1 |
_aCusco : _bCentro de Estudios Rurales Andinos Bartolomé de las Casas, _c1981. |
|
| 300 |
_a138 páginas ; _c22 centímetros. |
||
| 336 |
_atext _2rdacontent |
||
| 337 |
_aunmediated _2rdamedia |
||
| 338 |
_avolume _2rdacarrier |
||
| 490 | 0 |
_a(Cuadernos de capacitación campesina. Serie Historia y sociedad ; _v4) |
|
| 505 | 0 | _aLa sociedad andina desde sus orígenes hasta el Tawantinsuyu -- El Tawantinsuyu -- Conquista y coloniaje -- El Perú republicano: una frustración. | |
| 526 | _aP136 | ||
| 526 | _aP135 | ||
| 526 | _aP134 | ||
| 526 | _aP133 | ||
| 526 | _aP144 | ||
| 526 | _aP143 | ||
| 526 | _aP87 | ||
| 526 | _aP35 | ||
| 526 | _aP20 | ||
| 526 | _aP14 | ||
| 526 | _aP10 | ||
| 526 | _aP06 | ||
| 650 | 1 | 4 |
_aIndígenas del Perú _xCondiciones sociales _xHistoria. _94508 |
| 910 | _ajck | ||
| 942 |
_2ddc _cBK |
||
| 999 |
_c18417 _d18417 |
||
| 980 |
_81 _gALBERTO SANCHEZ Responsable de Automatización |
||